Central Library OPAC University of Rajshahi

Corporate Social Responsibility of Islamic Banking : (Record no. 79499)

MARC details
000 -LEADER
fixed length control field 01116nam a2200277 a 4500
001 - CONTROL NUMBER
RUCL Control Number 79499
003 - CONTROL NUMBER IDENTIFIER
rucl marc code BD-RjUL
005 - DATE AND TIME OF LATEST TRANSACTION
control field 20220421125017.0
008 - FIXED-LENGTH DATA ELEMENTS--GENERAL INFORMATION
fixed length control field 220306s2010 bg a|||| m||| 00| 0 eng d
035 ## - SYSTEM CONTROL NUMBER
system control number (BD-RjUL)79499
040 ## - CATALOGING SOURCE
Original cataloging agency BD-RjUL
Language of cataloging eng
Transcribing agency BD-RjUL
Modifying agency BD-RjUL
041 ## - LANGUAGE CODE
Language code of Book eng
082 ## - DEWEY DECIMAL CLASSIFICATION NUMBER
Classification number 332.123
Author mark and Year JAC 2010
DDC Edition number 23
100 ## - MAIN ENTRY--PERSONAL NAME
Personal name Jasim, Md. Kamaluddin
9 (RLIN) 1706
245 01 - TITLE STATEMENT
Title Corporate Social Responsibility of Islamic Banking :
Remainder of title A Study of Two Banks in Bangladesh /
Statement of responsibility, etc Md. Kamaluddin Jasim ;
Name of Supervisor/Co-Supervisor Supervisor : M. Zainul Abedin
260 ## - PUBLICATION, DISTRIBUTION, ETC. (IMPRINT)
Place of publication, distribution, etc Rajshahi :
Name of publisher, distributor, etc Institute of Bangladesh Studies (IBS), University of Rajshahi,
Date of publication, distribution, etc 2010
300 ## - PHYSICAL DESCRIPTION
Pagination xxv, 307 Leaves :
Other physical details ill. ;
Dimensions 29 cm.
502 ## - DISSERTATION NOTE
Dissertation note Thesis (Ph. D.) -- Institute of Bangladesh Studies (IBS), University of Rajshahi, 2010
504 ## - BIBLIOGRAPHY, ETC. NOTE
Bibliography, etc Bibliography : Leaves [269]-282
650 ## - SUBJECT ADDED ENTRY--TOPICAL TERM
Topical term or geographic name as entry element Islami Bank Bangladesh
9 (RLIN) 2644
Topical term or geographic name as entry element Banks and banking
Geographic subdivision Bangladesh
9 (RLIN) 2645
Topical term or geographic name as entry element Financial institutions
Geographic subdivision Bangladesh
9 (RLIN) 2641
Topical term or geographic name as entry element Banks and banking
General subdivision Religious aspects
-- Islam
700 ## - ADDED ENTRY--SUPERVISOR/CO-SUPERVISOR NAME
Personal name Abedin, M. Zainul, Supervisor
9 (RLIN) 1323
942 ## - ADDED ENTRY ELEMENTS (KOHA)
Source of classification or shelving scheme Dewey Decimal Classification
Koha item type Theses
Holdings
Source of classification or shelving scheme Damaged status Not for loan Collection code Permanent Location Current Location Shelving location Date of accession Source of acquisition Total Checkouts Full call number Barcode Date last seen Copy number Thesis
Dewey Decimal Classification   Not For Loan Theses Central Library, University of Rajshahi Central Library, University of Rajshahi Documentation Section 11/06/2011 Controller of Exam., R.U   THE 332.123 JAC 2010 D3280 06/03/2022 C-1 Theses